Wit and wisdom of Rabindranath Tagore (Record no. 1338086)

MARC details
000 -LEADER
fixed length control field 00564nam a2200205Ia 4500
005 - DATE AND TIME OF LATEST TRANSACTION
control field 20250508152706.0
008 - FIXED-LENGTH DATA ELEMENTS--GENERAL INFORMATION
fixed length control field 008 250505s9999 xx 000 0 eng d
037 ## - SOURCE OF ACQUISITION
Stock number Textual
040 ## - CATALOGING SOURCE
Original cataloging agency FEDL
Language of cataloging eng
Transcribing agency FEDL
041 ## - LANGUAGE CODE
Language code of text/sound track or separate title eng
Source of code eng
084 ## - COLON CLASSIFICATION NUMBER
Classification number 080, TAG
Assigning agency FEDL
100 ## - MAIN ENTRY--PERSONAL NAME
Personal name SEN N B
245 #0 - TITLE STATEMENT
Title Wit and wisdom of Rabindranath Tagore
260 ## - PUBLICATION, DISTRIBUTION, ETC.
Place of publication, distribution, etc. New Delhi, India
Name of publisher, distributor, etc. New Book Society of India
Date of publication, distribution, etc. 1961
300 ## - PHYSICAL DESCRIPTION
Extent 384p
365 ## - TRADE PRICE
Price type code INR
Price amount 23
650 ## - SUBJECT ADDED ENTRY--TOPICAL TERM
Topical term or geographic name entry element Rabindranath Tagore
9 (RLIN) 725967
942 ## - ADDED ENTRY ELEMENTS (KOHA)
Koha item type Textual
Classification part 080, TAG
Holdings
Withdrawn status Lost status Damaged status Not for loan Home library Current library Date acquired Cost, normal purchase price Total Checkouts Full call number Barcode Date last seen Price effective from Koha item type
        Department of Education Library Department of Education Library 2025-05-08 23.00   080, TAG EL0020289 2025-05-08 2025-05-08 Textual
Copyright @ Delhi University Library System